Relevantnosť využitia projektového manažmentu pre konkurencieschopnosť podniku
Projektový manažment ako nástroj, ktorý pomáha podniku realizovať jeho ciele. Výsledky výskumu vplyvu využívania projektového manažmentu na konkurencieschopnosť podniku. Identifikácia a konkretizácia významných faktorov vplyvu projektového manažmentu.
Salvato in:
| Autore principale: | |
|---|---|
| Altri autori: | |
| Natura: | Capitolo di libro |
| Lingua: | slovacco |
| Soggetti: | |
| Tags: |
Nessun Tag, puoi essere il primo ad aggiungerne!!
|
MARC
| LEADER | 00000nla a2200000 4500 | ||
|---|---|---|---|
| 001 | 0222365 | ||
| 005 | 20240502073636.8 | ||
| 041 | 0 | |a slo | |
| 044 | |a SK | ||
| 245 | 1 | 0 | |a Relevantnosť využitia projektového manažmentu pre konkurencieschopnosť podniku |c Branislav Zagoršek, Vladimír Bolek |
| 520 | |a Projektový manažment ako nástroj, ktorý pomáha podniku realizovať jeho ciele. Výsledky výskumu vplyvu využívania projektového manažmentu na konkurencieschopnosť podniku. Identifikácia a konkretizácia významných faktorov vplyvu projektového manažmentu. | ||
| 610 | 2 | 0 | |a manažment |
| 610 | 2 | 0 | |a riadenie projektové |
| 610 | 2 | 0 | |a projekty |
| 610 | 2 | 0 | |a podnik |
| 610 | 2 | 0 | |a konkurencieschopnosť |
| 610 | 2 | 0 | |a prieskum |
| 100 | 1 | |a Zagoršek, Branislav, 1984- | |
| 700 | 1 | |a Bolek, Vladimír, 1988- | |